El arte romano.

Guardado en:
Formato: Deslizar
Materias:
Etiquetas: Agregar Etiqueta
Sin Etiquetas, Sea el primero en etiquetar este registro!
LEADER 00980ngm a22002775g 4500
001 CEM.cems022348
008 130507b1998##################0###0#####d
005 20241029154358.0
245 0 0 |a El arte romano. 
300 |a 53'. 
500 |a En soporte VHS, consultar en ventanilla. 
505 0 |a Antecedentes históricos. El arte etrusco. Influencia griega. Arquitectura. Los arcos de triunfo. Acueductos. Templos y anfiteatros. Tipos de columnas. La pintura. Temas mitológicos. Relieves. Escultura. 
538 |a Soporte: VHS - Norma: Pal N - Color: Si - Grabación DRD 1998 - Hitachi=0000 
082 7 0 |/ TRA 
653 |a HISTORIA DEL ARTE 
653 |a ARTE 
653 |a ARTE ROMANO 
653 |a ARQUITECTURA 
653 |a ESCULTURAS 
653 |a PINTURA 
653 |a ETRUSCOS 
653 |a MITOLOGIA 
653 |a ARCO DEL TRIUNFO 
653 |a NIVEL PRIMARIO 
653 |a NIVEL SECUNDARIO 
859 |a CEMS  |b BIB. CEMS - Depto. Recursos Didacticos  |h 709  |i TRA  |k DRD  |p 991.12  |t Ej.1